Ecclesiastes : (Record no. 21214)

MARC details
000 -LEADER
fixed length control field 01980cam a22004458i 4500
001 - CONTROL NUMBER
control field 21048479
003 - CONTROL NUMBER IDENTIFIER
control field OSt
005 - DATE AND TIME OF LATEST TRANSACTION
control field 20260213130145.0
006 - FIXED-LENGTH DATA ELEMENTS--ADDITIONAL MATERIAL CHARACTERISTICS
fixed length control field m |o d |
007 - PHYSICAL DESCRIPTION FIXED FIELD--GENERAL INFORMATION
fixed length control field cr |||||||||||
008 - FIXED-LENGTH DATA ELEMENTS--GENERAL INFORMATION
fixed length control field 190627s2019 ilu ob 000 0 eng
010 ## - LIBRARY OF CONGRESS CONTROL NUMBER
LC control number 2019027287
020 ## - INTERNATIONAL STANDARD BOOK NUMBER
International Standard Book Number 9780830850761
Qualifying information (ebook)
020 ## - INTERNATIONAL STANDARD BOOK NUMBER
Canceled/invalid ISBN 9780830842650
Qualifying information (paperback)
035 ## - SYSTEM CONTROL NUMBER
System control number 21048479
040 ## - CATALOGING SOURCE
Original cataloging agency DLC
Language of cataloging eng
Transcribing agency DLC
Description conventions rda
042 ## - AUTHENTICATION CODE
Authentication code pcc
050 00 - LIBRARY OF CONGRESS CALL NUMBER
Classification number BS1475.53
082 00 - DEWEY DECIMAL CLASSIFICATION NUMBER
Classification number 223/.8077
Edition number 23
100 1# - MAIN ENTRY--PERSONAL NAME
Personal name Heim, Knut Martin,
Relator term author.
245 10 - TITLE STATEMENT
Title Ecclesiastes :
Remainder of title an introduction and commentary /
Statement of responsibility, etc. Knut Martin Heim.
263 ## - PROJECTED PUBLICATION DATE
Projected publication date 1909
264 #1 - PRODUCTION, PUBLICATION, DISTRIBUTION, MANUFACTURE, AND COPYRIGHT NOTICE
Place of production, publication, distribution, manufacture Westmont :
Name of producer, publisher, distributor, manufacturer InterVarsity Press,
Date of production, publication, distribution, manufacture, or copyright notice 2019.
300 ## - PHYSICAL DESCRIPTION
Extent 1 online resource
336 ## - CONTENT TYPE
Content type term text
Content type code txt
Source rdacontent
337 ## - MEDIA TYPE
Media type term computer
Media type code c
Source rdamedia
338 ## - CARRIER TYPE
Carrier type term online resource
Carrier type code cr
Source rdacarrier
490 0# - SERIES STATEMENT
Series statement Tyndale Old Testament commentaries ;
Volume/sequential designation volume 18
504 ## - BIBLIOGRAPHY, ETC. NOTE
Bibliography, etc Includes bibliographical references.
520 ## - SUMMARY, ETC.
Summary, etc. "The book of Ecclesiastes is probably best known for its repeated refrain that "everything is meaningless," or "vanity." However, a thorough reading demonstrates that this is not its final conclusion. Knut Heim's Tyndale commentary shows that the book is intellectually sophisticated, theologically rich, emotionally deep-and full of humor"--
Assigning source Provided by publisher.
588 ## - SOURCE OF DESCRIPTION NOTE
Source of description note Description based on print version record and CIP data provided by publisher; resource not viewed.
630 00 - SUBJECT ADDED ENTRY--UNIFORM TITLE
Uniform title Bible.
Name of part/section of a work Ecclesiastes
Form subdivision Commentaries.
655 #7 - INDEX TERM--GENRE/FORM
Genre/form data or focus term Commentaries.
Source of term lcgft
Authority record control number https://id.loc.gov/authorities/genreForms/gf2025026014
730 02 - ADDED ENTRY--UNIFORM TITLE
Uniform title Bible.
Name of part/section of a work Ecclesiastes.
Language of a work English.
Version Heim.
Date of a work 2019.
776 08 - ADDITIONAL PHYSICAL FORM ENTRY
Relationship information Print version:
Main entry heading Heim, Knut Martin.
Title Ecclesiastes
Place, publisher, and date of publication Westmont : InterVarsity Press, 2019.
International Standard Book Number 9780830842650
Record control number (DLC) 2019027286
906 ## - LOCAL DATA ELEMENT F, LDF (RLIN)
a 7
b cbc
c orignew
d 1
e ecip
f 20
g y-gencatlg
942 ## - ADDED ENTRY ELEMENTS (KOHA)
Source of classification or shelving scheme Library of Congress Classification
Koha item type General Collection
Holdings
Withdrawn status Lost status Source of classification or shelving scheme Not for loan Home library Current library Shelving location Date acquired Source of acquisition Inventory number Total Checkouts Full call number Barcode Date last seen Copy number Price effective from Koha item type
    Library of Congress Classification   Kabarak, Main Campus Kabarak, Main Campus General Stacks 13/02/2026 Donation 2025/3523   BS1475.53 H45 2019 C.1 38448 13/02/2026 C.1 13/02/2026 General Collection
Designed with assistance from East African Informatics Ltd